书目信息 |
| 题名: |
建设项目管理
|
|
| 作者: | 田金信 主编 | |
| 分册: | ||
| 出版信息: | 北京 高等教育出版社 2002.8 |
|
| 页数: | 202页 | |
| 开本: | 26cm | |
| 丛书名: | 新世纪土木工程系列教材 | |
| 单 册: | ||
| 中图分类: | F284 , F284 | |
| 科图分类: | ||
| 主题词: | 基本建设项目--项目管理--高等学校--教材 , 基本建设项目 , 项目管理 , 基本建设经济 , 基本建设 , 基本建设经济学 , 基本建设优化学 | |
| 电子资源: | ||
| ISBN: | 7-04-011130-6 | |
| 000 | 00918nam2 2200325 45 | |
| 001 | 012004000000 | |
| 005 | 20050629162232.35 | |
| 010 | @a7-04-011130-6@dCNY 17.30 | |
| 100 | @a20040709e20042002em y0chiy0121 ea | |
| 101 | 0 | @achi |
| 102 | @aCN@b110000 | |
| 105 | @aa z 000yy | |
| 200 | 1 | @a建设项目管理@Ajian she xiang mu guan li@f田金信主编 |
| 210 | @a北京@c高等教育出版社@d2002.8@h2004.1重印 | |
| 215 | @a202页@c图@d26cm | |
| 225 | 2 | @a新世纪土木工程系列教材 |
| 320 | @a本书附主要参考文献(第202页) | |
| 410 | 0 | @12001 @a新世纪土木工程系列教材 |
| 606 | 0 | @a基本建设项目@x项目管理@x高等学校@j教材 |
| 606 | 0 | @a基本建设项目 |
| 606 | 0 | @a项目管理 |
| 606 | 0 | @a基本建设经济 |
| 606 | 0 | @a基本建设 |
| 606 | 0 | @a基本建设经济学 |
| 606 | 0 | @a基本建设优化学 |
| 690 | @aF284@v4 | |
| 690 | @aF284@v3 | |
| 701 | 0 | @a田金信@Atian jin xin@4主编 |
| 801 | 0 | @aCN@bQSSK1@c20050629 |
| 905 | @dF284@eT627 | |
| 建设项目管理/田金信主编.-北京:高等教育出版社,2002.8(2004.1重印) |
| 202页:图;26cm.-(新世纪土木工程系列教材) |
| ISBN 7-04-011130-6:CNY 17.30 |
| ● |
| 相关链接 |
|
|
|
正题名:建设项目管理
索取号:F284/T627
 
预约/预借
| 序号 | 登录号 | 条形码 | 馆藏地/架位号 | 状态 | 备注 |
| 1 | 387782 | 203877821 | 社科库409/409社科库 103排1列3层/ [索取号:F284/T627] | 在馆 | |
| 2 | 387783 | 203877830 | 社科库409/409社科库 103排1列3层/ [索取号:F284/T627] | 在馆 | |
| 3 | 387784 | 203877849 | 社科库409/422社科库 47排2列1层/ [索取号:F284/T627] | 在馆 | |
| 4 | 537236 | 205372363 | 社科库409/422社科库 47排2列1层/ [索取号:F284/T627] | 在馆 | |
| 5 | 537237 | 205372372 | 社科库409/409社科库 101排1列2层/ [索取号:F284/T627] | 在馆 | |
| 6 | 537238 | 205372381 | 社科库409/422社科库 47排2列1层/ [索取号:F284/T627] | 在馆 |